000 00492nam a2200193Ia 4500
005 20240913125711.0
008 240913s9999||||xx |||||||||||||| ||und||
020 _a978-93-8061-871-5
041 _aENGLISH
082 _A620.5 Q2
100 _aMadhuri Sharon et al.
245 0 _aBio-Nanotechnology Concepts & Applications
250 _a1st
260 _c2012
_bAne Books Pv
500 _aREFERENCE
650 _aBio-Nanotechnology
_bNano Technology
942 _cREF
999 _c246083
_d246083